00203nam a2200085 4500082000800000100002500008245003700033260003500070300001200105 aBHU aBhutto, Zulfiqar Ali aThe Thirld World: New Directions aLondon:bQuarter Books,c1977. a144p. ;